La docencia universitaria en clave neuroeducativa. Viejos problemas, nuevos retos : (Record no. 13437)

MARC details
000 -LEADER
campo de control de longitud fija 02291nam a22003257i 4500
003 - IDENTIFICADOR DE NÚMERO DE CONTROL
campo de control Do-SdINT
005 - FECHA Y HORA DE LA ÚLTIMA TRANSACCIÓN
campo de control 20250605110856.0
008 - DATOS DE LONGITUD FIJA--INFORMACIÓN GENERAL
campo de control de longitud fija 040225s2024 sp s |||| 0|spa d
020 ## - NÚMERO INTERNACIONAL ESTÁNDAR DEL LIBRO
Número Internacional Estándar del Libro 978-84-10282-06-3
040 ## - FUENTE DE CATALOGACIÓN
Centro catalogador/agencia de origen DO-SdINT
Normas de descripción rda
Lengua de catalogación spa
Centro/agencia transcriptor DO-SdINT
072 ## - CÓDIGO DE CATEGORÍA DE MATERIA
Código de categoría de materia CSH
082 ## - NÚMERO DE LA CLASIFICACIÓN DECIMAL DEWEY
Número de clasificación 378.12/B928d
Información de edición 21
245 10 - MENCIÓN DEL TÍTULO
Título La docencia universitaria en clave neuroeducativa. Viejos problemas, nuevos retos :
Resto del título oportunidades para el cambio /
Mención de responsabilidad, etc. David Bueno y Anna Forés (editores)
264 ## - PRODUCCIÓN, PUBLICACIÓN, DISTRIBUCIÓN, FABRICACIÓN Y COPYRIGHT
Producción, publicación, distribución, fabricación y copyright Barcelona, España :
Nombre del de productor, editor, distribuidor, fabricante Octaedro,
Fecha de producción, publicación, distribución, fabricación o copyright 2024
300 ## - DESCRIPCIÓN FÍSICA
Extensión 1 recurso en línea (184 páginas)
336 ## - TIPO DE CONTENIDO
Término de tipo de contenido texto
Código de tipo de contenido txt
Fuente rdacontent
337 ## - TIPO DE MEDIO
Nombre/término del tipo de medio computadora
Código del tipo de medio c
Fuente rdamedia
338 ## - TIPO DE SOPORTE
Nombre/término del tipo de soporte recurso en línea
Código del tipo de soporte c
Fuente rdacarrier
347 ## - CARACTERÍSTICAS DEL ARCHIVO DIGITAL
Tipo de archivo archivo de texto
Formato de codificación PDF
Fuente rda
490 ## - MENCIÓN DE SERIE
Mención de serie Educación Universitaria ;
505 ## - NOTA DE CONTENIDO CON FORMATO
Nota de contenido con formato Prólogo 9 -- El acceso a la universidad: empecemos por el principio 13 -- Progreso, persistencia, asistencia para diluir: abandonos, absentismos y otros «ab» 25 -- Espacios que dejan huellas 35 -- Tomar consciencia. Corresponsabilizarse del aprendizaje 45 -- Diversidades diversas. Diseños universales 55 -- Funciones ejecutivas, aprendizaje y evaluación: elementos clave en contextos universitarios para potenciar los aprendizajes significativos 65 -- El feedback como gestor e impulsor de aprendizajes futuros 75 -- Evaluación y neuroeducación: el tándem para potenciar aprendizajes significativos en la universidad 85 -- Exámenes: del estrés al reto 99 -- Interdisciplinariedad: la imprescindible sinergia entre ciencias y humanidades para una formación integral 111 -- La transferencia del aprendizaje en la era de la inteligencia artificial 121 -- Realidad extendida e inteligencia artificial 133 -- Una universidad en movimiento 143 -- El estrés en contextos educativos 153 -- La construcción de la salud mental desde el aula 163
506 0# - NOTA DE RESTRICCIONES AL ACCESO
Limitaciones de acceso Open Access
650 #0 - PUNTO DE ACCESO ADICIONAL DE MATERIA--TÉRMINO DE MATERIA
Término de materia o nombre geográfico como elemento de entrada Neuroeducación
Fuente del encabezamiento o término ARMARC
9 (RLIN) 109451
650 #7 - PUNTO DE ACCESO ADICIONAL DE MATERIA--TÉRMINO DE MATERIA
Término de materia o nombre geográfico como elemento de entrada Educación superior
Fuente del encabezamiento o término ARMARC
9 (RLIN) 32230
650 #0 - PUNTO DE ACCESO ADICIONAL DE MATERIA--TÉRMINO DE MATERIA
Término de materia o nombre geográfico como elemento de entrada Docencia
Fuente del encabezamiento o término ARMARC
9 (RLIN) 109286
700 ## - ENTRADA AGREGADA--NOMBRE PERSONAL
Nombre de persona Bueno, David
Relación ed.
9 (RLIN) 109452
Término indicativo de función/relación editor
700 ## - ENTRADA AGREGADA--NOMBRE PERSONAL
Nombre de persona Forés Miravalles, Anna
Relación ed.
9 (RLIN) 109453
Término indicativo de función/relación editor
856 ## - LOCALIZACIÓN Y ACCESO ELECTRÓNICOS
Texto de enlace Acceso a Texto Completo
Identificador Uniforme de Recurso <a href="https://opacbiblioteca.intec.edu.do/opac-tmpl/files/recursoselectronicos/9788410282070PDF.pdf">https://opacbiblioteca.intec.edu.do/opac-tmpl/files/recursoselectronicos/9788410282070PDF.pdf</a>
942 ## - ELEMENTOS DE ENTRADA SECUNDARIOS (KOHA)
Tipo de ítem Koha
Fuente de la clasificación o esquema de estantería Clasificación Decimal Dewey
Holdings
Estatus retirado Estado de pérdida Fuente de la clasificación o esquema de estantería Estado de daño No para préstamo Biblioteca de origen Biblioteca actual Fecha de adquisición Total de préstamos Signatura topográfica completa Visto por última vez Identificador uniforme de recursos Precio de reemplazo Tipo de ítem Koha
    Clasificación Decimal Dewey     Biblioteca IDEICE Biblioteca IDEICE 05/06/2025   378.12/B928d 05/06/2025 https://ideice.koha.es/cgi-bin/koha/opac-detail.pl?biblionumber=13437 05/06/2025 Libros

© 2024. Todos los Derechos Reservados. Desarrollado por IDEICE